History Quiz

Random History or Famous Quiz

History To-Do Lists Quiz Stats

 Plays Quiz Updated Jul 26, 2018

Challenge
Share
Tweet
Score 0/15 Timer 06:00
8 Plays Today
% Correct
Jesus Christ
98.9%
Abraham Lincoln
98.4%
Napoleon Bonaparte
97.3%
Charles Darwin
95.6%
Albert Einstein
95.5%
Christopher Columbus
95.4%
William Shakespeare
95.4%
Joseph Stalin
94.8%
% Correct
Leonardo da Vinci
94.6%
Elvis Presley
93.1%
Martin Luther King Jr.
91.5%
Isaac Newton
90.1%
Alfred Hitchcock
84%
King Richard the Lionheart
70.8%
Alexander the Great
65.6%

You're not logged in!

Compare scores with friends on all Sporcle quizzes.
Join for Free
OR
Log In

You Might Also Like...

Show Comments

Extras

Top Quizzes Today


Score Distribution

Your Account Isn't Verified!

In order to create a playlist on Sporcle, you need to verify the email address you used during registration. Go to your Sporcle Settings to finish the process.

Report this User

Report this user for behavior that violates our Community Guidelines.

Details: